Statistics for "B" Verbi 1

Click here to take the quiz!

General Stats

  • This quiz has been taken 136 times
    (20 since last reset)
  • The average score is 4 of 23

Answer Stats

IngleseIT% Correct
barkabbaiare
62%
babblebalbettare
54%
bandage (blindfold)bendare
31%
battle (people)combattere
31%
ban (expel) / banishbandire
15%
back downcedere
15%
bakecuocere
15%
bankruptfallire
15%
back awayindietreggiare
15%
bat + scoresegnare
15%
barterbarattare
8%
balance (time management)compensare
8%
back sth upconfermare
8%
bargaincontrattare
8%
back sb updare man forte
8%
barespellere
8%
balance (finance)fare quadrare
8%
backfare retromarcia
8%
battle (struggle against)lottare contro
8%
balancemettere in equilibrio
8%
beamproiettare
8%
bang (urtare)sbattere
8%
bear (support/endure)sostenere
8%

Score Distribution

Percentile by Number Answered

Percent of People with Each Score

Your Score History

You have not taken this quiz since the last reset